[Event "Aberto do Brasil Professor Joao Braga"]
[Site "CXSP Sao Paulo"]
[Date "2014.08.03"]
[Round "5.2"]
[White "Mendonca, Mateus Nakajo"]
[Black "Proudian, Armen"]
[Result "1/2-1/2"]
[WhiteElo "2341"]
[BlackElo "2322"]
[PlyCount "57"]
[EventDate "2014.08.01"]

1. b3 d5 2. Bb2 Nf6 3. e3 c5 4. Nf3 a6 5. Be2 Nc6 6. d4 cxd4 7. Nxd4 g6 8. c4
Bg7 9. cxd5 Nb4 10. Nc3 Nbxd5 11. Nxd5 Qxd5 12. O-O O-O 13. Bf3 Qg5 14. Ne2 Bg4
15. Bxg4 Qxg4 16. Nf4 Rfd8 17. Qxg4 Nxg4 18. Bxg7 Kxg7 19. Rfd1 Ne5 20. Kf1 e6
21. Ke2 Kf6 22. Rac1 Rac8 23. Rxc8 Rxc8 24. Nd3 Nxd3 25. Rxd3 Rc1 26. Rd2 Ke7
27. Kd3 Kd6 28. Ke4+ Ke7 29. Kd3 1/2-1/2

[Event "Aberto do Brasil Professor Joao Braga"]
[Site "CXSP Sao Paulo"]
[Date "2014.08.03"]
[Round "5.3"]
[White "Abdalla, Luiz Guilherme Aure"]
[Black "Garkauskas, Otto Dmitry"]
[Result "1-0"]
[WhiteElo "2289"]
[BlackElo "2174"]
[PlyCount "59"]
[EventDate "2014.08.01"]

1. d4 d5 2. c4 c6 3. Nf3 Nf6 4. cxd5 cxd5 5. Nc3 Nc6 6. Bf4 a6 7. e3 Qb6 8. Bd3
Qxb2 9. Rc1 Qa3 10. O-O e6 11. Na4 Nd7 12. e4 dxe4 13. Bxe4 Be7 14. Re1 O-O 15.
Re3 Qb4 16. a3 Qa5 17. Ne5 Ncxe5 18. dxe5 g6 19. Nb2 Nxe5 20. Bxe5 Qxe5 21.
Bxg6 Qxb2 22. Bxh7+ Kh8 23. Rh3 Bg5 24. Rcc3 Rd8 25. Bd3+ Kg7 26. Qh5 Bf4 27.
Qg4+ Kf8 28. Rh8+ Ke7 29. Qh4+ f6 30. Qh7+ 1-0

[Event "Aberto do Brasil Professor Joao Braga"]
[Site "CXSP Sao Paulo"]
[Date "2014.08.03"]
[Round "5.4"]
[White "Marra, Eduardo Da Costa"]
[Black "Sztokbant, Bernardo Vainzoff"]
[Result "1/2-1/2"]
[WhiteElo "2207"]
[BlackElo "2250"]
[PlyCount "136"]
[EventDate "2014.08.01"]

1. e4 e5 2. Nf3 Nc6 3. Bb5 Nf6 4. O-O Be7 5. Re1 d6 6. h3 O-O 7. c3 Bd7 8. d4
a6 9. Bd3 Re8 10. d5 Nb8 11. c4 a5 12. Nc3 Na6 13. Be3 Bf8 14. a3 Nh5 15. Rb1
Qf6 16. b4 Nf4 17. Bf1 Rab8 18. Kh2 axb4 19. axb4 g6 20. g3 Nh5 21. Nd2 Qg7 22.
Be2 Nf4 23. Bf1 Be7 24. b5 Nc5 25. Bxc5 dxc5 26. gxf4 exf4 27. e5 Bh4 28. Qe2
Ra8 29. Nf3 Be7 30. Qe4 Bf5 31. Qxf4 Bxb1 32. Rxb1 Ra3 33. Ne4 Rxf3 34. Qxf3
Qxe5+ 35. Ng3 h5 36. Qe3 Qxe3 37. fxe3 Bd6 38. Kg2 Rxe3 39. Ne2 b6 40. Kf2 Ra3
41. Rc1 Be5 42. Bg2 Kg7 43. Rc2 f5 44. Bf3 g5 45. Bxh5 Rxh3 46. Be8 g4 47. Bd7
Kf6 48. Ra2 Rh2+ 49. Kf1 Rh1+ 50. Kg2 Rh2+ 51. Kf1 g3 52. Ra8 Bd6 53. Rg8 f4
54. Rg4 Rf2+ 55. Ke1 Ke5 56. Be6 Kf6 57. Rg8 Ke5 58. Rg4 Be7 59. Bg8 Bd6 60.
Be6 Bf8 61. Rg8 Bh6 62. Rg6 Rh2 63. Kf1 Ke4 64. Bg4 Rh1+ 65. Kg2 Rh2+ 66. Kf1
Rh1+ 67. Kg2 Rh2+ 68. Kf1 Rh1+ 1/2-1/2

[Event "Aberto do Brasil Professor Joao Braga"]
[Site "CXSP Sao Paulo"]
[Date "2014.08.03"]
[Round "5.5"]
[White "Carneiro, Vitor Roberto Castro"]
[Black "Abrantes, Tiago Garrido"]
[Result "1-0"]
[WhiteElo "2246"]
[BlackElo "2107"]
[PlyCount "33"]
[EventDate "2014.08.01"]

1. e4 e5 2. f4 exf4 3. Nf3 d6 4. Bc4 g5 5. h4 Bh6 6. hxg5 Bxg5 7. d4 Bg4 8. Nc3
Bh4+ 9. Kf1 Bg3 10. Nd5 Nf6 11. Nxf4 Nc6 12. Qd3 Rg8 13. Bd2 Qe7 14. Nd5 Nxd5
15. exd5 Bxf3 16. gxf3 Nd8 17. Qxh7 1-0

[Event "Aberto do Brasil Professor Joao Braga"]
[Site "CXSP Sao Paulo"]
[Date "2014.08.03"]
[Round "5.6"]
[White "Tsuboi, Edson Kenji"]
[Black "Salama, Andre Sasson"]
[Result "1-0"]
[WhiteElo "2247"]
[BlackElo "1977"]
[PlyCount "87"]
[EventDate "2014.08.01"]

1. c4 Nf6 2. g3 c5 3. Bg2 Nc6 4. Nc3 g6 5. Nf3 Bg7 6. d4 cxd4 7. Nxd4 O-O 8.
O-O Qb6 9. e3 d6 10. h3 Bd7 11. b3 Rad8 12. Bb2 a6 13. Re1 e5 14. Nxc6 Bxc6 15.
e4 Qa5 16. a4 Qc7 17. a5 Ne8 18. Re2 f5 19. Nd5 Qf7 20. exf5 gxf5 21. Kh2 e4
22. Bxg7 Qxg7 23. Raa2 Bxd5 24. Qxd5+ Qf7 25. Qxf7+ Rxf7 26. f3 exf3 27. Bxf3
Nf6 28. Rad2 Kg7 29. Rd4 Rfd7 30. Rf2 d5 31. cxd5 Nxd5 32. Rfd2 Nf6 33. Rxd7+
Rxd7 34. Rxd7+ Nxd7 35. Bxb7 Nc5 36. Bd5 Kf6 37. Bc4 Ke5 38. b4 Nb7 39. Bxa6
Nd6 40. Be2 Kd5 41. b5 Kc5 42. b6 Kc6 43. Bf3+ Kb5 44. b7 1-0

[Event "Aberto do Brasil Professor Joao Braga"]
[Site "CXSP Sao Paulo"]
[Date "2014.08.03"]
[Round "5.7"]
[White "Rodrigues, Leonardo De Miranda"]
[Black "Pereira, Jorge Luiz Rodrigues"]
[Result "1-0"]
[WhiteElo "2143"]
[BlackElo "1912"]
[PlyCount "31"]
[EventDate "2014.08.01"]

1. e4 c5 2. Nf3 d6 3. d4 cxd4 4. Nxd4 Nf6 5. Nc3 a6 6. Bc4 e6 7. O-O b5 8. Bb3
Be7 9. f4 b4 10. Na4 Nxe4 11. f5 O-O 12. fxe6 fxe6 13. Nxe6 Rxf1+ 14. Qxf1 Bxe6
15. Bxe6+ Kh8 16. Bd5 1-0

[Event "Aberto do Brasil Professor Joao Braga"]
[Site "CXSP Sao Paulo"]
[Date "2014.08.03"]
[Round "5.8"]
[White "Serafim Junior, Arnor"]
[Black "Abdalla, Jose Lucas Aurelli"]
[Result "0-1"]
[WhiteElo "1839"]
[BlackElo "2090"]
[PlyCount "98"]
[EventDate "2014.08.01"]

1. c4 c5 2. Nc3 Nf6 3. g3 Nc6 4. Bg2 g6 5. e3 d6 6. Nge2 Ne5 7. d4 Ned7 8. O-O
Bg7 9. b3 O-O 10. Bb2 Rb8 11. Qc2 e6 12. Nb5 Qb6 13. Rfd1 Ne8 14. a4 a6 15. a5
Qd8 16. Na7 Qc7 17. Nxc8 Rxc8 18. Qe4 Rb8 19. Nc3 b6 20. Qc6 cxd4 21. exd4 bxa5
22. Qxa6 Rxb3 23. Na4 Nb8 24. Qa8 Qxc4 25. Qxa5 d5 26. Rac1 Qa6 27. Qxa6 Nxa6
28. Rb1 Nd6 29. Bf1 Nc4 30. Bc3 Rfb8 31. Bd3 Nc7 32. Rxb3 Rxb3 33. Bc2 Ra3 34.
Bb4 Ra2 35. Bb3 Re2 36. Bxc4 dxc4 37. Nb6 Rb2 38. Bc5 c3 39. Na4 Rb3 40. Rc1
Nd5 41. Kf1 e5 42. dxe5 Bxe5 43. Ke2 Rb2+ 44. Nxb2 cxb2 45. Kd2 bxc1=Q+ 46.
Kxc1 Kg7 47. Kd2 Kf6 48. h3 Bc7 49. Kd3 Bb6 0-1

[Event "Aberto do Brasil Professor Joao Braga"]
[Site "CXSP Sao Paulo"]
[Date "2014.08.03"]
[Round "5.9"]
[White "Chagas, Humberto Luiz Cunha"]
[Black "Van Riemsdijk, Dirk D"]
[Result "0-1"]
[WhiteElo "1868"]
[BlackElo "2108"]
[PlyCount "48"]
[EventDate "2014.08.01"]

1. d4 Nf6 2. c4 g6 3. Nc3 Bg7 4. Nf3 O-O 5. g3 d5 6. cxd5 Nxd5 7. Bg2 c5 8. e3
Nc6 9. O-O Nxc3 10. bxc3 Be6 11. Qa4 cxd4 12. cxd4 Bd5 13. Rb1 b6 14. Bb2 Be4
15. Rbc1 Qd5 16. Nh4 Bxg2 17. Nxg2 Rac8 18. Rc2 Na5 19. Ba3 b5 20. Qxa5 Rxc2
21. Qxa7 Ra8 22. Qxe7 Bf8 23. Qf6 Bxa3 24. Nf4 Qd8 0-1

[Event "Aberto do Brasil Professor Joao Braga"]
[Site "CXSP Sao Paulo"]
[Date "2014.08.03"]
[Round "5.10"]
[White "De Souza, Cristiano Gomes"]
[Black "De Souza, Camila"]
[Result "1-0"]
[WhiteElo "2016"]
[BlackElo "1824"]
[PlyCount "59"]
[EventDate "2014.08.01"]

1. d4 Nf6 2. c4 e6 3. Nf3 Bb4+ 4. Bd2 Qe7 5. g3 Bxd2+ 6. Nbxd2 d6 7. Bg2 O-O 8.
O-O e5 9. e4 Bg4 10. d5 Na6 11. Qc2 Rac8 12. h3 Bh5 13. a3 c6 14. Qd3 Nc5 15.
Qe3 cxd5 16. exd5 b5 17. b4 Na4 18. Qb3 Nb6 19. cxb5 Nbxd5 20. g4 Bg6 21. g5
Nh5 22. Qxd5 Nf4 23. Qb3 e4 24. Rfe1 Nxg2 25. Kxg2 exf3+ 26. Nxf3 Qb7 27. a4
Rc2 28. Rac1 Rfc8 29. Rxc2 Rxc2 30. Re8# 1-0

[Event "Aberto do Brasil Professor Joao Braga"]
[Site "CXSP Sao Paulo"]
[Date "2014.08.03"]
[Round "5.11"]
[White "De Assis, Rubens Mesquita"]
[Black "Guimaraes, Artemis Pamela"]
[Result "0-1"]
[WhiteElo "1728"]
[BlackElo "1996"]
[PlyCount "136"]
[EventDate "2014.08.01"]

1. d4 Nf6 2. c4 e6 3. Nf3 b6 4. g3 Ba6 5. b3 Bb4+ 6. Bd2 Be7 7. Bg2 c6 8. O-O
d5 9. cxd5 exd5 10. Nc3 O-O 11. Qc2 Nbd7 12. Rfe1 Rc8 13. Qf5 Bb4 14. e3 Qe7
15. Rac1 Rfe8 16. h4 Bxc3 17. Bxc3 Ne4 18. Ne5 Nxc3 19. Rxc3 Nxe5 20. dxe5 Qxe5
21. Qxe5 Rxe5 22. Rec1 Bb7 23. b4 Ree8 24. a3 g6 25. a4 Kg7 26. a5 Rcd8 27.
axb6 axb6 28. Rd3 Ba6 29. Ra3 Bc4 30. e4 b5 31. exd5 cxd5 32. Rd1 Re7 33. Rd4
Re1+ 34. Kh2 Rb1 35. Ra7 Rxb4 36. Bh3 Rb2 37. h5 Rxf2+ 38. Kg1 Ra2 39. h6+ Kf8
40. Rb7 Re8 41. Rf4 Re1+ 42. Bf1 Rxf1+ 43. Rxf1 Bxf1 44. Kxf1 Rh2 45. Rxb5 Rxh6
46. Rxd5 Rh2 47. Ra5 Rb2 48. Ra7 h5 49. Ra4 Kg7 50. Rc4 f5 51. Ra4 Kf6 52. Ra6+
Kg5 53. Rc6 Rb4 54. Kf2 h4 55. gxh4+ Rxh4 56. Kg3 f4+ 57. Kf3 Rh3+ 58. Kg2 Rg3+
59. Kf2 Kf5 60. Rc5+ Kg4 61. Ra5 g5 62. Rb5 Ra3 63. Rc5 Ra2+ 64. Kg1 Kh4 65.
Rc4 Kg3 66. Rc3+ f3 67. Rc1 Rg2+ 68. Kh1 Rh2+ 0-1

[Event "Aberto do Brasil Professor Joao Braga"]
[Site "CXSP Sao Paulo"]
[Date "2014.08.03"]
[Round "5.12"]
[White "Frois, Vitor Amorim"]
[Black "Dos Reis, Leandro Aparecido C"]
[Result "0-1"]
[WhiteElo "1721"]
[BlackElo "1944"]
[PlyCount "114"]
[EventDate "2014.08.01"]

1. e4 a6 2. d4 b5 3. Nf3 Bb7 4. Bd3 Nf6 5. e5 Nd5 6. Nc3 e6 7. O-O d6 8. Qe2 c5
9. Nxd5 Bxd5 10. c4 bxc4 11. Bxc4 Bxc4 12. Qxc4 d5 13. Qe2 Nc6 14. Be3 cxd4 15.
Bxd4 Nxd4 16. Nxd4 Bc5 17. Nb3 Bb6 18. Rac1 O-O 19. Rc6 Qb8 20. Rfc1 a5 21. Nc5
Bxc5 22. R6xc5 Rd8 23. Rc7 Ra7 24. R7c5 g6 25. R1c2 Qb4 26. Rb5 Qa4 27. b3 Qd4
28. Qe1 a4 29. b4 a3 30. Rbc5 Rb7 31. b5 Rdb8 32. R2c3 Rxb5 33. Rxb5 Rxb5 34.
Rxa3 Rb2 35. g3 Qc4 36. Ra8+ Kg7 37. a4 d4 38. a5 Qc2 39. Kg2 Rb1 40. Rc8 d3
41. Qe3 Qxc8 42. Qxd3 Qc6+ 43. Kh3 Rb8 44. Qd2 Qd5 45. Qg5 Qf3 46. Qd2 Qf5+ 47.
Kg2 Qxe5 48. a6 Qd5+ 49. Qxd5 exd5 50. f4 Ra8 51. Kh3 Rxa6 52. Kg4 Ra3 53. h3
h5+ 54. Kg5 f6+ 55. Kh4 Kh6 56. g4 g5+ 57. fxg5+ fxg5# 0-1

[Event "Aberto do Brasil Professor Joao Braga"]
[Site "CXSP Sao Paulo"]
[Date "2014.08.03"]
[Round "5.14"]
[White "Vallejos, Jose Adolfo"]
[Black "Santa Isabel, Marivaldo Dos Re"]
[Result "1-0"]
[WhiteElo "1917"]
[BlackElo "1705"]
[PlyCount "105"]
[EventDate "2014.08.01"]

1. d4 e6 2. e4 c5 3. c3 Nc6 4. d5 exd5 5. exd5 Ne5 6. Bf4 Bd6 7. Nh3 Qe7 8. Be2
Ng6 9. Bg5 Nf6 10. O-O Qe5 11. g3 h6 12. Bxf6 Qxf6 13. Bf3 O-O 14. Re1 Ne5 15.
Bg2 Qf5 16. Nf4 b6 17. Be4 Qg5 18. Nd2 f5 19. Bg2 Rb8 20. a4 Ba6 21. Qc2 Rbe8
22. c4 Ng6 23. Nf3 Qf6 24. Nh5 Qf7 25. h3 Ne7 26. g4 fxg4 27. hxg4 Ng6 28. Rxe8
Rxe8 29. b3 Ne5 30. Nxe5 Bxe5 31. Rd1 d6 32. Be4 Bc8 33. Bg6 Qf3 34. Bxe8 Qxg4+
35. Kf1 Qh3+ 36. Ke1 Qh1+ 37. Kd2 Qg2 38. Kc1 Qg5+ 39. f4 Bxf4+ 40. Nxf4 Qxf4+
41. Qd2 Qe5 42. Qe1 Qa1+ 43. Kd2 Qb2+ 44. Ke3 Qxb3+ 45. Rd3 Qxc4 46. Bg6 Qg4
47. Be4 Qg5+ 48. Kf2 Qh4+ 49. Rg3 Qf4+ 50. Bf3 Kf7 51. Kg2 g5 52. Bh5+ Kf6 53.
Rf3 1-0

[Event "Aberto do Brasil Professor Joao Braga"]
[Site "CXSP Sao Paulo"]
[Date "2014.08.03"]
[Round "5.15"]
[White "Da Silva, Andressa Muniz"]
[Black "Yanaguihara, Vitor Kioshi"]
[Result "0-1"]
[WhiteElo "1471"]
[BlackElo "1795"]
[PlyCount "106"]
[EventDate "2014.08.01"]

1. e4 c5 2. Nf3 d6 3. d4 cxd4 4. Nxd4 Nf6 5. Nc3 g6 6. Bb5+ Bd7 7. Bxd7+ Qxd7
8. O-O Bg7 9. h3 O-O 10. Re1 Nc6 11. Nxc6 bxc6 12. Bf4 Nh5 13. Bh2 Rab8 14. Rb1
Rxb2 15. e5 Rxb1 16. Nxb1 f5 17. c4 f4 18. Qg4 Qf5 19. Qxf5 Rxf5 20. exd6 exd6
21. Kf1 Kf7 22. Rd1 Ke6 23. Nd2 Ng3+ 24. Bxg3 fxg3 25. Re1+ Kd7 26. Re2 d5 27.
cxd5 cxd5 28. Nf3 gxf2 29. Rxf2 Kd6 30. g4 Rf4 31. Kg2 Rb4 32. Kg3 Rb2 33. Rxb2
Bxb2 34. Ng5 h5 35. gxh5 gxh5 36. Kf3 Bf6 37. Nh7 Ke5 38. Nf8 Kd4 39. Ne6+ Kc3
40. Nf4 Kb2 41. Nxd5 Bd8 42. Nf4 h4 43. a4 Kb3 44. a5 Bxa5 45. Nd3 Bd8 46. Nc5+
Kb4 47. Na6+ Kb5 48. Nb8 a5 49. Ke3 a4 50. Kd3 a3 51. Kc2 Ka4 52. Kb1 Kb3 53.
Nc6 a2+ 0-1

[Event "Aberto do Brasil Professor Joao Braga"]
[Site "CXSP Sao Paulo"]
[Date "2014.08.03"]
[Round "6.2"]
[White "Quintiliano Pinto, Renato R"]
[Black "Abdalla, Luiz Guilherme Aurel"]
[Result "1-0"]
[WhiteElo "2370"]
[BlackElo "2289"]
[PlyCount "125"]
[EventDate "2014.08.01"]

1. d4 d5 2. c4 c6 3. Nc3 Nf6 4. e3 a6 5. Nf3 e6 6. c5 Nbd7 7. b4 Be7 8. Bb2 O-O
9. Bd3 Qc7 10. Qc2 g6 11. Ne2 Re8 12. Ng3 Bf8 13. h4 Bg7 14. h5 Nf8 15. Ne5
N6d7 16. hxg6 fxg6 17. f4 Nxe5 18. fxe5 b6 19. cxb6 Qxb6 20. Bc3 Qa7 21. Rb1 a5
22. bxa5 c5 23. Rb6 c4 24. Be2 Nd7 25. Rb1 Rb8 26. Nf1 Rxb1+ 27. Qxb1 Nb8 28.
Nd2 Nc6 29. Nf3 Qb7 30. Qc2 Nb4 31. Qb1 Nc6 32. Qxb7 Bxb7 33. Kd2 Ra8 34. Rb1
Bc8 35. Rb6 Ne7 36. g4 h5 37. Ng5 h4 38. Nf3 g5 39. Nxg5 Ng6 40. Nf3 Bf8 41.
Bd1 Be7 42. Bc2 Kg7 43. Rb1 Bd8 44. Rh1 Bxa5 45. Bxa5 Rxa5 46. Nxh4 Nxh4 47.
Rxh4 Rxa2 48. Rh7+ Kg8 49. Rc7 Ra8 50. g5 Ba6 51. Re7 Bb5 52. Rxe6 Ra3 53. Kc1
c3 54. Kb1 Bc4 55. Rb6 Ra7 56. Bf5 Ra2 57. Bc2 Ra7 58. g6 Kg7 59. e4 Rd7 60.
exd5 Rxd5 61. Rb7+ Kg8 62. Rc7 Rb5+ 63. Kc1 1-0

[Event "Aberto do Brasil Professor Joao Braga"]
[Site "CXSP Sao Paulo"]
[Date "2014.08.03"]
[Round "6.3"]
[White "Carneiro, Vitor Roberto Castr"]
[Black "Mendonca, Mateus Nakajo"]
[Result "0-1"]
[WhiteElo "2246"]
[BlackElo "2341"]
[PlyCount "30"]
[EventDate "2014.08.01"]

1. e4 c5 2. a3 e5 3. b4 Nf6 4. Bb2 cxb4 5. f4 d5 6. fxe5 Nxe4 7. Nf3 Qb6 8. Bd4
Bc5 9. Bxc5 Qxc5 10. d4 Qa5 11. Nfd2 Nc6 12. Nb3 Qd8 13. N1d2 Qh4+ 14. g3 Nxg3
15. Nf3 Qe4+ 0-1

[Event "Aberto do Brasil Professor Joao Braga"]
[Site "CXSP Sao Paulo"]
[Date "2014.08.03"]
[Round "6.4"]
[White "Sztokbant, Bernardo Vainzoff"]
[Black "Rodrigues, Leonardo De Miranda"]
[Result "1/2-1/2"]
[WhiteElo "2250"]
[BlackElo "2143"]
[PlyCount "76"]
[EventDate "2014.08.01"]

1. e4 Nf6 2. e5 Nd5 3. d4 d6 4. Nf3 Bg4 5. Be2 e6 6. O-O Nc6 7. c4 Nb6 8. Nbd2
dxe5 9. dxe5 Nd7 10. Qb3 Nc5 11. Qc3 Qe7 12. a3 a5 13. b3 g6 14. h3 Bxf3 15.
Nxf3 Bg7 16. b4 Na4 17. Qb3 axb4 18. Bg5 Qc5 19. Be3 Qa5 20. axb4 Qxb4 21. Qc2
O-O 22. Rab1 Qc3 23. Qe4 Nxe5 24. Rxb7 Nxf3+ 25. Bxf3 c5 26. Rd1 Qe5 27. Qxe5
Bxe5 28. Rdd7 Nb2 29. g3 Nxc4 30. Bxc5 Rfc8 31. Bb4 Ra1+ 32. Kg2 Rb1 33. Be2
Nd6 34. Bxd6 Rxb7 35. Rxb7 Bxd6 36. h4 Rc2 37. Kf1 Rc1+ 38. Kg2 Rc2 1/2-1/2

[Event "Aberto do Brasil Professor Joao Braga"]
[Site "CXSP Sao Paulo"]
[Date "2014.08.03"]
[Round "6.5"]
[White "Garkauskas, Otto Dmitry"]
[Black "Tsuboi, Edson Kenji"]
[Result "0-1"]
[WhiteElo "2174"]
[BlackElo "2247"]
[PlyCount "142"]
[EventDate "2014.08.01"]

1. d4 Nf6 2. c4 e6 3. Nc3 Bb4 4. e3 c5 5. Nge2 cxd4 6. exd4 O-O 7. a3 Be7 8. g3
d5 9. cxd5 Nxd5 10. Bg2 Nc6 11. O-O Bf6 12. Nxd5 exd5 13. h3 Re8 14. Be3 g6 15.
Nf4 Be6 16. b4 Qd7 17. Qf3 Bxd4 18. Bxd4 Nxd4 19. Qd3 Nf5 20. Nxd5 Bxd5 21.
Qxd5 Qxd5 22. Bxd5 Re7 23. Rfe1 Rd7 24. Bg2 Rad8 25. Rac1 Kg7 26. Bf3 h5 27.
Kg2 Kf6 28. Bd1 h4 29. Bg4 hxg3 30. Bxf5 gxf2 31. Re2 Kxf5 32. Rc5+ Kf6 33.
Rxf2+ Kg7 34. a4 Rd4 35. b5 R8d7 36. Ra2 b6 37. Rc8 Rd2+ 38. Rxd2 Rxd2+ 39. Kf3
Rd4 40. a5 bxa5 41. Rc7 Rb4 42. Rxa7 Rxb5 43. Kg3 Kf6 44. Kf4 Rf5+ 45. Kg4 Rb5
46. Ra6+ Ke5 47. Ra7 f6 48. h4 Rb4+ 49. Kg3 Ra4 50. Re7+ Kf5 51. Re3 Rg4+ 52.
Kh3 a4 53. Rc3 Rb4 54. Rc5+ Kf4 55. Rc6 Rb3+ 56. Kg2 Ke5 57. Rc5+ Kd6 58. Ra5
Ra3 59. Kh2 Ke6 60. Kg2 Kf7 61. Ra7+ Ke6 62. Ra5 f5 63. Ra6+ Kf7 64. Ra7+ Kf6
65. Kh2 Ra2+ 66. Kg3 a3 67. Ra6+ Kg7 68. h5 gxh5 69. Kf4 Ra1 70. Ra7+ Kf6 71.
Ra5 a2 0-1

[Event "Aberto do Brasil Professor Joao Braga"]
[Site "CXSP Sao Paulo"]
[Date "2014.08.03"]
[Round "6.6"]
[White "Abdalla, Jose Lucas Aurelli"]
[Black "Marra, Eduardo Da Costa"]
[Result "1/2-1/2"]
[WhiteElo "2090"]
[BlackElo "2207"]
[PlyCount "73"]
[EventDate "2014.08.01"]

1. e4 d6 2. d4 Nf6 3. Nc3 Nbd7 4. Be2 e5 5. Nf3 c6 6. a4 a5 7. h3 Be7 8. Be3
Qc7 9. O-O O-O 10. Nd2 Re8 11. f4 Bf8 12. Qe1 exf4 13. Rxf4 d5 14. e5 c5 15.
exf6 Rxe3 16. Nxd5 Qb8 17. Nc4 Re6 18. c3 cxd4 19. cxd4 b5 20. fxg7 Bxg7 21.
axb5 Bb7 22. Rf5 Bxd4+ 23. Kh1 Qf8 24. Qd2 Bg7 25. Nf4 Re7 26. Nd6 Ne5 27. Nxb7
Rxb7 28. Ne6 Qe7 29. Nxg7 Kxg7 30. Qd5 Re8 31. Rxe5 Qxe5 32. Qxb7 Qxe2 33. Qd7
Re5 34. b6 Qxb2 35. Rf1 Qb3 36. Qd4 Qd5 37. Qxd5 1/2-1/2

[Event "Aberto do Brasil Professor Joao Braga"]
[Site "CXSP Sao Paulo"]
[Date "2014.08.03"]
[Round "6.7"]
[White "Van Riemsdijk, Dirk D"]
[Black "Vallejos, Jose Adolfo"]
[Result "1-0"]
[WhiteElo "2108"]
[BlackElo "1917"]
[PlyCount "85"]
[EventDate "2014.08.01"]

1. e4 c5 2. Nf3 d6 3. d4 cxd4 4. Nxd4 Nf6 5. Nc3 g6 6. Bc4 Bg7 7. O-O O-O 8.
Bb3 Nbd7 9. Be3 Nc5 10. f3 Nxb3 11. axb3 a6 12. Qd2 Re8 13. Rfd1 Bd7 14. Kh1
Rc8 15. Qf2 Bc6 16. e5 Nd7 17. exd6 exd6 18. Nxc6 Rxc6 19. Bd4 Ne5 20. Nd5 Qc8
21. Rd2 Kh8 22. h3 Qe6 23. Bc3 f6 24. Rad1 Rd8 25. f4 Nd7 26. Re2 Qf7 27. Re7
Qf8 28. b4 a5 29. bxa5 Rc5 30. Qe2 Bh6 31. Qe6 Rxc3 32. bxc3 Nc5 33. Qe3 Bg7
34. Re1 f5 35. Re8 Rxe8 36. Qxe8 Ne4 37. Qxf8+ Bxf8 38. c4 Bg7 39. Rb1 Nc5 40.
a6 Nxa6 41. Rxb7 Bd4 42. c3 Bf2 43. Nf6 1-0

[Event "Aberto do Brasil Professor Joao Braga"]
[Site "CXSP Sao Paulo"]
[Date "2014.08.03"]
[Round "6.9"]
[White "Guimaraes, Artemis Pamela"]
[Black "De Souza, Cristiano Gomes"]
[Result "1/2-1/2"]
[WhiteElo "1996"]
[BlackElo "2016"]
[PlyCount "86"]
[EventDate "2014.08.01"]

1. e4 c5 2. Nf3 d6 3. d4 cxd4 4. Nxd4 Nf6 5. Nc3 g6 6. g3 Nc6 7. Bg2 Bd7 8.
Nde2 Bg7 9. O-O O-O 10. h3 Rb8 11. a4 a6 12. Bg5 h6 13. Be3 b5 14. axb5 axb5
15. Nd5 Ne8 16. Nd4 e6 17. Nxc6 Bxc6 18. Nb4 Qd7 19. Ra7 Rb7 20. Nxc6 Qxc6 21.
e5 d5 22. Rxb7 Qxb7 23. Bc5 Bxe5 24. Bxf8 Kxf8 25. Qe2 Bg7 26. Qe3 Qc6 27. Qa3+
Nd6 28. Ra1 Be5 29. Qa8+ Qxa8 30. Rxa8+ Kg7 31. b3 b4 32. Kf1 Bc3 33. Ke2 h5
34. Kd3 Kf6 35. Ra6 Ke7 36. h4 Be1 37. Ra7+ Kf6 38. Ra1 Bc3 39. Ra6 Ke7 40. Rc6
Be1 41. Ke2 Bc3 42. Kd3 Be1 43. Ke2 Bc3 1/2-1/2

[Event "Aberto do Brasil Professor Joao Braga"]
[Site "CXSP Sao Paulo"]
[Date "2014.08.03"]
[Round "6.10"]
[White "Salama, Andre Sasson"]
[Black "Dos Reis, Leandro Aparecido C"]
[Result "1-0"]
[WhiteElo "1977"]
[BlackElo "1944"]
[PlyCount "121"]
[EventDate "2014.08.01"]

1. e4 c6 2. d4 d5 3. Nc3 dxe4 4. Nxe4 Nd7 5. Nf3 Ngf6 6. Ng3 e6 7. Bd3 Bd6 8.
O-O O-O 9. Re1 Qc7 10. c3 b6 11. Ne4 Nxe4 12. Rxe4 Re8 13. Rh4 Nf8 14. Ng5 f5
15. Nxh7 Nxh7 16. Rxh7 Qf7 17. Rh3 c5 18. dxc5 Bxc5 19. b4 Be7 20. Qf3 Rb8 21.
Bf4 Bb7 22. Qe3 Rbc8 23. Be5 Bf6 24. Re1 Rcd8 25. Bc4 Bd5 26. Bb5 Re7 27. c4
Be4 28. Bxf6 Qxf6 29. Qc3 Qxc3 30. Rxc3 Rd2 31. f3 Bb7 32. Ra3 Bc8 33. Kf1 Rb2
34. Ra4 a6 35. Bc6 Rc7 36. b5 Kf7 37. Re2 Rb1+ 38. Kf2 Rc1 39. Ke3 Kf6 40. Kd2
Rh1 41. g3 Bd7 42. Bxd7 Rxd7+ 43. Kc2 axb5 44. cxb5 Rd5 45. Rb4 e5 46. a4 g5
47. Rc4 Rd6 48. Kb3 Rb1+ 49. Rb2 Rf1 50. Rc3 Ra1 51. Rc6 Rad1 52. Rbc2 R1d3+
53. R2c3 Rxc6 54. bxc6 Rxc3+ 55. Kxc3 Ke6 56. Kc4 Kd6 57. c7 Kxc7 58. Kd5 e4
59. fxe4 f4 60. gxf4 gxf4 61. Kd4 1-0

[Event "Aberto do Brasil Professor Joao Braga"]
[Site "CXSP Sao Paulo"]
[Date "2014.08.03"]
[Round "6.11"]
[White "Pereira, Jorge Luiz Rodrigues"]
[Black "Yanaguihara, Vitor Kioshi"]
[Result "1/2-1/2"]
[WhiteElo "1912"]
[BlackElo "1795"]
[PlyCount "21"]
[EventDate "2014.08.01"]

1. d4 Nf6 2. c4 e5 3. dxe5 Ng4 4. e4 Nxe5 5. f4 Nec6 6. Nf3 Bc5 7. Nc3 O-O 8.
Na4 Bb4+ 9. Nc3 Re8 10. Bd3 d6 11. O-O 1/2-1/2

[Event "Aberto do Brasil Professor Joao Braga"]
[Site "CXSP Sao Paulo"]
[Date "2014.08.03"]
[Round "6.12"]
[White "De Oliveira, Francemir Barra"]
[Black "Serafim Junior, Arnor"]
[Result "0-1"]
[WhiteElo "1762"]
[BlackElo "1839"]
[PlyCount "64"]
[EventDate "2014.08.01"]

1. e4 c5 2. Nf3 e6 3. d3 Nc6 4. Be2 g6 5. c3 Bg7 6. Bg5 Qb6 7. Qc2 Nge7 8. Nbd2
d5 9. O-O Bd7 10. Rab1 Rc8 11. h3 O-O 12. Nh2 h6 13. Bh4 g5 14. Bg3 Ng6 15. f4
gxf4 16. Bxf4 c4+ 17. Kh1 Nxf4 18. Rxf4 Qe3 19. Rf3 Qxe2 20. Ng4 cxd3 21. Qc1
Nb4 22. Ra1 Bd4 23. Rg3 Kh7 24. Nf1 Bg7 25. Qf4 f5 26. Nge3 Nc2 27. Qd6 Rf7 28.
exf5 Rc6 29. Qf4 Nxa1 30. Qh4 exf5 31. Nxd5 Qxf1+ 32. Kh2 Be5 0-1

[Event "Aberto do Brasil Professor Joao Braga"]
[Site "CXSP Sao Paulo"]
[Date "2014.08.03"]
[Round "6.13"]
[White "Mendes, Rodrigo Machado"]
[Black "Frois, Vitor Amorim"]
[Result "0-1"]
[WhiteElo "1929"]
[BlackElo "1721"]
[PlyCount "206"]
[EventDate "2014.08.01"]

1. c4 c5 2. Nc3 Nf6 3. g3 d5 4. cxd5 Nxd5 5. Bg2 Nc7 6. Nf3 Nc6 7. O-O e5 8. d3
Be7 9. a3 O-O 10. Be3 Be6 11. Nd2 Qd7 12. Re1 Nd5 13. Nxd5 Bxd5 14. Nf3 f6 15.
Rb1 Nd4 16. Bxd4 cxd4 17. b4 Rfc8 18. Qd2 Rc3 19. Ra1 Qc6 20. Rec1 a5 21. Rcb1
axb4 22. axb4 Rxa1 23. Rxa1 Bxb4 24. Qb2 Rb3 25. Qc1 Ra3 26. Rb1 Qxc1+ 27. Rxc1
Bc3 28. Ne1 Bxg2 29. Kxg2 Ra1 30. Rxa1 Bxa1 31. Nc2 Bb2 32. Kf3 f5 33. e3 Kf7
34. g4 g6 35. gxf5 gxf5 36. e4 Ke6 37. Nb4 Bc3 38. Nd5 Ba5 39. Ke2 b5 40. f3 b4
41. Kd2 b3+ 42. Kc1 Bc3 43. Nb6 fxe4 44. fxe4 h5 45. h3 h4 46. Kb1 b2 47. Nd5
Kd7 48. Nf6+ Ke7 49. Ng4 Ke6 50. Kc2 Bd2 51. Kxb2 Bf4 52. Kb3 Kd6 53. Kc4 Kc6
54. Nf6 Bg3 55. Nd5 Kd6 56. Kb5 Be1 57. Nb6 Bg3 58. Nc4+ Ke6 59. Kc6 Bf4 60.
Nb6 Bg5 61. Nd5 Bd8 62. Nc7+ Ke7 63. Na6 Ba5 64. Kd5 Kf6 65. Nc5 Bc7 66. Kc6
Bd8 67. Kd7 Ba5 68. Ne6 Bd2 69. Nc7 Bf4 70. Nd5+ Kg5 71. Ke6 Bh2 72. Kf7 Bg3
73. Ke6 Bh2 74. Kd6 Bg3 75. Kc5 Bh2 76. Kb4 Bg3 77. Kb3 Bh2 78. Kc2 Bg3 79. Kd2
Bf4+ 80. Ke2 Bh2 81. Kf3 Bg3 82. Nc7 Bh2 83. Ne6+ Kf6 84. Nf8 Kg5 85. Nh7+ Kg6
86. Nf8+ Kg5 87. Nd7 Bf4 88. Nc5 Bg3 89. Nb3 Bf4 90. Na1 Bg3 91. Nc2 Bf4 92.
Ne1 Bh2 93. Kg2 Bg3 94. Nc2 Kf4 95. Nb4 Ke3 96. Kf1 Kd2 97. Na6 Kxd3 98. Nc5+
Ke3 99. Nb3 d3 100. Na1 d2 101. Nc2+ Kd3 102. Ne3 Kxe3 103. Kg2 Kxe4 0-1